Online katalóg knižníc regiónu Turca

Straty a nálezy (Record no. 21987)

MARC details
000 -LEADER
fixed length control field 01724nam a2200481 a 4500
001 - CONTROL NUMBER
control field 21987
003 - CONTROL NUMBER IDENTIFIER
control field VRT
005 - DATE AND TIME OF LATEST TRANSACTION
control field 20260317093200.0
008 - FIXED-LENGTH DATA ELEMENTS--GENERAL INFORMATION
fixed length control field 251031sm y0slocxo r 0 slo
015 ## - NATIONAL BIBLIOGRAPHY NUMBER
National bibliography number SNBA2003/04-01223
020 ## - INTERNATIONAL STANDARD BOOK NUMBER
International Standard Book Number 8055104654
035 ## - SYSTEM CONTROL NUMBER
System control number SNK000405962
039 #9 - LEVEL OF BIBLIOGRAPHIC CONTROL AND CODING DETAIL [OBSOLETE]
Level of rules in bibliographic description 202510310906
Level of effort used to assign nonsubject heading access points VLOAD
Level of effort used to assign subject headings 202403181422
Level of effort used to assign classification VLOAD
Level of effort used to assign subject headings 202204120817
Level of effort used to assign classification msnk170
Level of effort used to assign subject headings 202106301233
Level of effort used to assign classification AUTHORITY
040 ## - CATALOGING SOURCE
Original cataloging agency SNK
Language of cataloging slo
Transcribing agency SNK
Description conventions AACR2
041 0# - LANGUAGE CODE
Language code of text/sound track or separate title slo
044 ## - COUNTRY OF PUBLISHING/PRODUCING ENTITY CODE
MARC country code xo
ISO country code SK
072 #7 - SUBJECT CATEGORY CODE
Subject category code 821.111(73)-3
080 ## - UNIVERSAL DECIMAL CLASSIFICATION NUMBER
Universal Decimal Classification number 821.111 (73)-3
Edition identifier 2. slo
080 ## - UNIVERSAL DECIMAL CLASSIFICATION NUMBER
Universal Decimal Classification number 821.111(73)-31
100 1# - MAIN ENTRY--PERSONAL NAME
Personal name Krentz, Jayne Ann,
Dates associated with a name 1948-
Relationship aut
240 10 - UNIFORM TITLE
Uniform title Lost & found
Language of a work Slovensky
245 10 - TITLE STATEMENT
Title Straty a nálezy
Statement of responsibility, etc. Jayne Ann Krentzová ; [z anglického originálu preložila Viera Detková]
250 ## - EDITION STATEMENT
Edition statement [1. vyd.]
260 ## - PUBLICATION, DISTRIBUTION, ETC.
Place of publication, distribution, etc. Bratislava
Name of publisher, distributor, etc. Ikar
Date of publication, distribution, etc. 2003
300 ## - PHYSICAL DESCRIPTION
Extent 270 s.
Dimensions 21 cm
500 ## - GENERAL NOTE
General note Údaj o prekl. prevzatý z rubu tit. strany
650 07 - SUBJECT ADDED ENTRY--TOPICAL TERM
Topical term or geographic name entry element romány spoločenské americké
Source of heading or term SNK
650 07 - SUBJECT ADDED ENTRY--TOPICAL TERM
Topical term or geographic name entry element americká próza
655 #7 - INDEX TERM--GENRE/FORM
Genre/form data or focus term umelecká literatúra
Source of term SNK
655 #7 - INDEX TERM--GENRE/FORM
Genre/form data or focus term americké romány
700 1# - ADDED ENTRY--PERSONAL NAME
Personal name Detková, Viera
Relationship trl
730 ## - ADDED ENTRY--UNIFORM TITLE
Uniform title Lost & found
942 ## - ADDED ENTRY ELEMENTS (KOHA)
Source of classification or shelving scheme Dewey Decimal Classification
Koha item type Krásna literatúra pre dospelých
Suppress in OPAC No
949 ## - LOCAL PROCESSING INFORMATION (OCLC)
6 270001000210650
a svkbbA 107337
b svkbbm 649228
p 649228
949 ## - LOCAL PROCESSING INFORMATION (OCLC)
6 4710701698
a strmkB
b strmk2008/1698
949 ## - LOCAL PROCESSING INFORMATION (OCLC)
6 3869A08231
a bpksh821.111(73)-31
b bpksh50859
949 ## - LOCAL PROCESSING INFORMATION (OCLC)
6 3869A07525
a bpksh821.111(73)-31
b bpksh55852
949 ## - LOCAL PROCESSING INFORMATION (OCLC)
6 17A0377457
9 P60, <03>, [BOOK], {603}
a snkSC 120074
b snkKSP 3255/2003
949 ## - LOCAL PROCESSING INFORMATION (OCLC)
6 17A0378480
9 P60, <04>, [BOOK], {605}
a snkSC 120074 D1
b snkKSP 4192/2003
949 ## - LOCAL PROCESSING INFORMATION (OCLC)
6 2889745491
a savukPV 5518
949 ## - LOCAL PROCESSING INFORMATION (OCLC)
6 273K0126539
a svkpoA 184846
b svkpo461622
Holdings
Stav vyradenia Strata Poškodenie Spôsob nadobudnutia Domovská knižnica Aktuálna knižnica Dátum nadobudnutia Total checkouts Čiarový kód exemplára Date last seen Typ exemplára
      Dar Obecná knižnica Turčianska Štiavnička Obecná knižnica Turčianska Štiavnička 17.03.2026   4738000463 17.03.2026 Krásna literatúra pre dospelých
Projekt je podporený Slovenskou asociáciou knižníc
Prevádzkuje Turčianska knižnica Martin 2026